Plant genotyping : The DNA fingerprinting of plants

Bibliographic Details
Main Author: Henry, R.J
Format: Book
Published: UK : CABIc2006
Subjects:

MARC

LEADER 00000cam a2200000 7i4500
001 0000004150
005 20181226.0
020 0 0 |a 9780851995151 
090 0 0 |a 581.35   |b DNA 2006 
100 1 0 |a Henry, R.J 
245 1 4 |a Plant genotyping :   |b The DNA fingerprinting of plants   |c edited by R.J Henry 
260 0 0 |a UK :   |b CABIc2006 
300 |a xi, 321 p. :   |b ill. ;   |c 24 cm. 
500 0 0 |a Includes bibliographical references 
650 0 0 |a DNA fingerprinting of plants 
998 |a JPSM 
999 |a 008036   |b Monograph   |c Open Shelf   |e Default branch